Most Common Organisms that Cause Bacterial Meningitis (By Age Group) - Statistics

General Stats
  • This quiz has been taken 3 times
  • The average score is 8 of 16
Answer Stats
Hint Answer % Correct
Teens and young adults Neisseria meningitidis
100%
Newborns Esherichia coli / E. coli
50%
Group B streptococcus / GBS
50%
Babies and young children Group B streptococcus / GBS
50%
Older adults Group B streptococcus / GBS
50%
Haemophilus influenzae
50%
Haemophilus influenzae
50%
Listeria monocytogenes
50%
Listeria monocytogenes
50%
Neisseria meningitidis
50%
Neisseria meningitidis
50%
Streptococcus pneumoniae / pneumococcus
50%
Streptococcus pneumoniae / pneumococcus
50%
Streptococcus pneumoniae / pneumococcus
50%
M. tuberculosis
0%
Streptococcus pneumoniae / pneumococcus
0%
No matching quizzes found
Score Distribution
Percent of People with Each Score
Percentile by Number Answered
Your Score History
You have not taken this quiz